Explain a film plot poorly - Statistics

General Stats
  • This quiz has been taken 256 times
  • The average score is 7 of 15
Answer Stats
Hint Answer % Correct
Woman accompanied by seven midgets hides from her mother, who is attempting to feed her fruit. Snow White
90%
Chinese woman cross-dresses to save her elderly father. Mulan
78%
Hysterical man pretends to be an ape after his parents are killed by a jaguar. Tarzan
78%
Enormous black man unfairly shot off of New York skyscraper. King Kong
68%
Old man replaces dead wife with young boy and talking dog and takes them to a strange magical place. Up
67%
Girl discovers she has powers and uses them to nearly kill her own sister. Frozen
62%
Dog is deceived into thinking he has powers and then attempts to use them to save his owner from her mother. Bolt
51%
A group of radical terrorists destroy the largest man-made structure in the universe, killing thousands of people. Star Wars
48%
Child watches his mother get murdered and then befriends a disabled rabbit. Bambi
45%
Soldier has sex with indigenous girl then betrays her entire race. Avatar
37%
Self-centered woman decides to leave her boyfriend for dead so she can survive. Titanic
37%
Violent-mannered boy breaks glasses with a firearm while ignoring his parents wishes. Christmas Story
21%
Woman falls in love with deformed monstrosity and species interbreeding occurs. Shrek
14%
Abnormally strong man beats up chemotherapy patient Superman
11%
Man brutally murders a mother and then befriends her son. Brother Bear
4%
No matching quizzes found
Score Distribution
Percent of People with Each Score
Percentile by Number Answered
Your Score History
You have not taken this quiz